Situación de los derechos humanos en varios Estados: informe anual de la Comisión Interamericana de Derechos Humanos

sin resumen

Guardat en:
Dades bibliogràfiques
Format: Text
Idioma:Spanish
Matèries:
Etiquetes: Afegir etiqueta
Sense etiquetes, Sigues el primer a etiquetar aquest registre!

MARC

LEADER 00000 a a2200000 04500
001 16387
003 cru IIS
005 20220112110326.0
008 220112b |||||||| |||| 00| 0 spa d
040 |c cru IIS 
245 |a Situación de los derechos humanos en varios Estados:   |b informe anual de la Comisión Interamericana de Derechos Humanos  
300 |a páginas 149-203 
500 |a Colección Centroamérica 
520 |a sin resumen  
651 4 |9 1928  |a EL SALVADOR 
651 0 |9 142  |a GUATEMALA 
651 0 |9 1861  |a NICARAGUA 
651 0 |9 17  |a AMERICA LATINA 
773 |g número 8; páginas 149-203  
773 0 |0 42163  |9 6468  |a Instituto Interamericano de Derechos Humanos  |d San José, Costa Rica: IIDH, 1985-  |o MFN: 1785  |t Revista IIDH /  |x 10155074 
942 |2 ddc  |c PP 
999 |c 36997  |d 36997